All Cities to Have Been State Capitals - Statistics

General Stats
  • This quiz has been taken 20 times
  • The average score is 47 of 95
Answer Stats
State Time Capital % Correct
1846-Present Montgomery
94%
Arkansas 1836-Present Little Rock
89%
Arizona 1912-Present Phoenix
89%
Colorado 1876-Present Denver
83%
1777-Present Dover
83%
Alaska 1959-Present Juneau
83%
1854-Present Sacramento
83%
Florida 1845-Present Tallahassee
83%
1868-Present Atlanta
78%
Idaho 1890-Present Boise
78%
Massachusetts 1776-Present Boston
78%
1816-Present Columbus
78%
1812-Present Harrisburg
78%
Connecticut 1776-Present Hartford
78%
Hawaii 1959-Present Honolulu
78%
Oregon 1859-Present Salem
78%
1839-Present Springfield
78%
1797-Present Albany
72%
1778-1780, 1781-1782, 1786-1796 Augusta
72%
1832-Present Augusta
72%
1849-1864, 1882-Present Baton Rouge
72%
North Dakota 1889-Present Bismarck
72%
Nevada 1864-Present Carson City
72%
1786-Present Columbia
72%
1857-Present Des Moines
72%
Kentucky 1792-Present Frankfort
72%
Montana 1889-Present Helena
72%
1821-Present Jackson
72%
Nebraska 1867-Present Lincoln
72%
1812-1817,1826-Present Nashville
72%
New York 1776-1777,1788-1797 New York
72%
1910-Present Oklahoma City
72%
1794-Present Raleigh
72%
Minnesota 1858-Present Saint Paul
72%
Georgia 1776-1778, 1782, 1784-1786 Savannah
72%
Kansas 1861-Present Topeka
72%
1784-Present Trenton
72%
Maryland 1776-Present Annapolis
67%
Texas 1845-Present Austin
67%
South Carolina 1776-1786 Charleston
67%
1870-1875, 1885-Present Charleston
67%
1808-Present Concord
67%
1825-Present Indianapolis
67%
1826-Present Jefferson City
67%
1847-Present Lansing
67%
Louisiana 1812-1830,1831-1849,1864-1882 New Orleans
67%
Pennsylvania 1776-1799 Philadelphia
67%
Maine 1820-1832 Portland
67%
Rhode Island 1776-Present Providence
67%
1780-Present Richmond
67%
Utah 1896-Present Salt Lake City
67%
New Mexico 1912-Present Santa Fe
67%
Wyoming 1890-Present Cheyenne
61%
Michigan 1837-1847 Detroit
61%
Wisconsin 1848-Present Madison
61%
1805-Present Montpelier
61%
1776-1875 New Haven
61%
Washington 1889-Present Olympia
61%
New Jersey 1776-1784 Burlington
56%
1864-1865 Macon
56%
South Dakota 1889-Present Pierre
56%
Tennessee 1807-1812,1817-1818 Knoxville
44%
California 1850-1852 San Jose
44%
Alabama 1819-1820 Huntsville
39%
Iowa 1846-1857 Iowa City
39%
1826-1846 Tuscaloosa
33%
West Virginia 1863-1870,1875-1885 Wheeling
28%
1799-1812 Lancaster
22%
1796-1807 Louisville
11%
1807-1864, 1865-1868 Milledgeville
11%
North Carolina 1776-1789 New Bern
11%
Delaware 1776-1777 New Castle
11%
1852-1853 Vallejo
11%
1853-1854 Benicia
6%
Ohio 1803-1810,1812-1816 Chillicothe
6%
1777 Kingston
6%
1818-1826 Murfreesboro
6%
Mississippi 1817-1821 Natchez
6%
1777-1788 Poughkeepsie
6%
1820-1826 Cahawba
0%
Indiana 1816-1825 Corydon
0%
1830-1831 Donaldsonville
0%
1782-1784 Ebenezer
0%
New Hampshire 1776-1808 Exeter
0%
1789-1794 Fayetteville
0%
Oklahoma 1907-1910 Guthrie
0%
1780-1781 Heard's Fort
0%
1777 Hurley
0%
Illinois 1818-1820 Kaskaskia
0%
Perth Amboy
0%
Missouri 1821-1826 Saint Charles
0%
1820-1839 Vandalia
0%
Virginia 1776-1780 Williamsburg
0%
Vermont 1891-1805 Windsor
0%
1801-1812 Zanesville
0%
No matching quizzes found
Score Distribution
Percent of People with Each Score
Percentile by Number Answered
Your Score History
You have not taken this quiz